ARRUPE JESUIT UNIVERSITY

CORONAVIRUS -STOP THE SPREAD - CLEAN,DISINFECT,COVER

When refugees go home : (Record no. 124475)

MARC details
000 -LEADER
fixed length control field 01155pam a2200325 a 4500
001 - CONTROL NUMBER
control field 1597653
003 - CONTROL NUMBER IDENTIFIER
control field ARRUPE
005 - DATE AND TIME OF LATEST TRANSACTION
control field 20160323152325.0
008 - FIXED-LENGTH DATA ELEMENTS--GENERAL INFORMATION
fixed length control field 940629s1994 njuab b 001 0 eng
010 ## - LIBRARY OF CONGRESS CONTROL NUMBER
LC control number 94028814
020 ## - INTERNATIONAL STANDARD BOOK NUMBER
International Standard Book Number 0865434328
020 ## - INTERNATIONAL STANDARD BOOK NUMBER
International Standard Book Number 0865434336 (pbk.)
040 ## - CATALOGING SOURCE
Original cataloging agency DLC
Transcribing agency DLC
Modifying agency DLC
043 ## - GEOGRAPHIC AREA CODE
Geographic area code f------
050 00 - LIBRARY OF CONGRESS CALL NUMBER
Classification number HV640.4.A35
Item number W48 1994
082 00 - DEWEY DECIMAL CLASSIFICATION NUMBER
Classification number 362.87/096
Edition number 20
300 ## - PHYSICAL DESCRIPTION
Other physical details ill., maps ;
Dimensions 24 cm.
245 00 - TITLE STATEMENT
Title When refugees go home :
Remainder of title African experiences /
Statement of responsibility, etc edited by Tim Allen & Hubert Morsink.
250 ## - EDITION STATEMENT
Edition statement 1st American ed.
260 ## - PUBLICATION, DISTRIBUTION, ETC. (IMPRINT)
Place of publication, distribution, etc Trenton, N.J. :
Name of publisher, distributor, etc Africa World Press,
Date of publication, distribution, etc 1994.
300 ## - PHYSICAL DESCRIPTION
Extent xiii, 305 p. :
504 ## - BIBLIOGRAPHY, ETC. NOTE
Bibliography, etc Includes bibliographical references and index.
650 #0 - SUBJECT ADDED ENTRY--TOPICAL TERM
Topical term or geographic name as entry element Refugees
Geographic subdivision Africa.
9 (RLIN) 9212
650 #0 - SUBJECT ADDED ENTRY--TOPICAL TERM
Topical term or geographic name as entry element Repatriation
Geographic subdivision Africa.
9 (RLIN) 23329
650 #0 - SUBJECT ADDED ENTRY--TOPICAL TERM
Topical term or geographic name as entry element Return migration
Geographic subdivision Africa.
9 (RLIN) 23330
700 1# - ADDED ENTRY--PERSONAL NAME
Personal name Allen, Tim,
Dates associated with a name 1956-
9 (RLIN) 23331
Relator term ed.
700 1# - ADDED ENTRY--PERSONAL NAME
Personal name Morsink, Hubert.
9 (RLIN) 23332
Relator term ed.
906 ## - LOCAL DATA ELEMENT F, LDF (RLIN)
a 7
b cbc
c orignew
d 1
e ocip
f 19
g y-gencatlg
942 ## - ADDED ENTRY ELEMENTS (KOHA)
Source of classification or shelving scheme Library of Congress Classification
Koha item type Monograph ( Printed materials)
Holdings
Withdrawn status Lost status Source of classification or shelving scheme Damaged status Not for loan Collection code Home library Current library Shelving location Date acquired Total Checkouts Full call number Barcode Date last seen Date checked out Price effective from Koha item type
    Library of Congress Classification     Main Collection ARRUPE LIBRARY ARRUPE LIBRARY Main Collection 23/03/2016 1 HV640.4.A35 W48 1994 46500007072 30/04/2018 21/03/2017 23/03/2016 Monograph ( Printed materials)

 

Arrupe Library. PO Box MP320 Mt Pleasant, Harare, Zimbabwe
263 242 745411|librarian@aju.ac.zw